000 00522nam a2200205Ia 4500
003 GCL
008 140319s9999 xx 000 0 eng d
040 _aGCL /
_cGCL
082 0 4 _a934.01
_bS P
100 1 _aSANKALIA, H.D
245 1 0 _aPREHISTORY AND PROTOHISTORY IN INDIA AND PAKISTAN /
_cSANKALIA, H.D
260 _a[S.N] :
_bT.V. CHIDAMBARAN ،
_c1992
300 _a315 P P
650 0 4 _aHISTORY
650 0 4 _aPAKISTAN
650 0 4 _aINDIA
650 0 4 _aPREHISTORY
650 0 4 _aPROTOHISTORY
942 _2ddc
_cBK
999 _c11783
_d11783